| 000 | 00592nam a22001937a 4500 | ||
|---|---|---|---|
| 005 | 20210325173417.0 | ||
| 008 | s2531 th tha d | ||
| 041 | _atha | ||
| 050 | _aCT203.T4 ส863ผ | ||
| 100 | 0 | _aสุริยฉัตร ชัยมงคล, ผู้แปล | |
| 245 | 1 | 0 | _aผู้เปลี่ยนแปลงโลก |
| 260 | 3 |
_aกรุงเทพฯ : _bเรจีนา, _c2531 |
|
| 300 | _a217 หน้า | ||
| 650 | 0 | 4 | _aชีวประวัติ |
| 850 | _aNALT | ||
| 942 | _cGB | ||
| 997 | _c000000000001324 | ||
| 998 | _aSAIPHON | ||
| 999 |
_c1324 _d1324 |
||